| 000 | 00000nam 2200000zi 4500 |
| 001 | 9.945544 |
| 003 | CaOODSP |
| 005 | 20241125153941 |
| 006 | m o d f |
| 007 | cr bn||||||||| |
| 008 | 241125e197805##oncbdo ob f000 0 eng d |
| 040 | |aCaOODSP|beng|erda|cCaOODSP |
| 041 | 0 |aeng|beng|bfre |
| 043 | |an-cn-qu |
| 086 | 1 |aEn36-522/142-1978E-PDF |
| 100 | 1 |aCarson, Robert Kent,|d1951- |eauthor. |
| 245 | 10|aEffect of ship passage through an unconsolidated single-layer ice cover on ice jam initiation / |cby R. Carson. |
| 264 | 1|a[Burlington, Ontario] : |bCanada Centre for Inland Waters, National Water Research Institute, Hydraulics Research Division, Environmental Hydraulics Section, |cMay 1978. |
| 300 | |a1 online resource (iv, 19 pages, 49 unnumbered pages) : |bmaps, graphs, photographs. |
| 336 | |atext|btxt|2rdacontent |
| 337 | |acomputer|bc|2rdamedia |
| 338 | |aonline resource|bcr|2rdacarrier |
| 490 | 1 |aUnpublished report |
| 500 | |aDigitized edition from print [produced by Environment and Climate Change Canada]. |
| 504 | |aIncludes bibliographical references (page 19). |
| 520 | |a"This study explores the effect of a ship on ice accumulated in a canal under normal flow conditions. Working rules have been established for the formation of a stable ice cover subjected to hydraulic forces in a canal. Pressures to permit ships to pass through a canal with developed ice cover require the assessment of the effect of ship passage on the ice cover. The results are relevant to the situation on the Beauharnois Canal where the production of electric power depends on the ice cover remaining in dynamic equilibrium. Navigation of the canal may cause ice jams resulting in loss of power production"--Introduction, page 1. |
| 546 | |aIncludes foreword and summary in English and French. |
| 650 | 0|aIce sheets|zSaint Lawrence Seaway. |
| 650 | 0|aIcebreakers (Ships)|zSaint Lawrence Seaway. |
| 650 | 6|aInlandsis|zVoie maritime du Saint-Laurent. |
| 650 | 6|aBrise-glaces|zVoie maritime du Saint-Laurent. |
| 651 | 0|aBeauharnois Canal (Québec)|xEnvironmental conditions. |
| 651 | 6|aCanal de Beauharnois (Québec)|zConditions environnementales. |
| 710 | 2 |aCanada Centre for Inland Waters. |bHydraulics Research Division, |eissuing body. |
| 710 | 2 |aNational Water Research Institute (Canada). |bEnvironmental Hydraulics Section, |eissuing body. |
| 830 | #0|aUnpublished report (Canada Centre for Inland Waters)|w(CaOODSP)9.881827 |
| 856 | 40|qPDF|s3.88 MB|uhttps://publications.gc.ca/collections/collection_2024/eccc/en36/En36-522-142-1978-eng.pdf |